Príde do platnosti od 1.1. 2014 kontrolný výkaz k dani z pridanej hodnoty?

Prijatím uznesenia vlády č. 235 dňa 31. mája 2012 na základe Akčného plánu boja proti daňovým podvodom na roky 2012 až 2016 vyplynula Ministerstvu financií Slovenskej republiky povinnosť zaviesť nové opatrenie v boji proti daňovým podvodom, tzv. kontrolný výkaz.

Guardado en:
Detalles Bibliográficos
Autor principal: Neupauerová, Zuzana
Formato: Capítulo de libro
Lenguaje:eslovaco
Materias:
Etiquetas: Agregar Etiqueta
Sin Etiquetas, Sea el primero en etiquetar este registro!

MARC

LEADER 00000nla a2200000 4500
001 0175615
005 20240502073009.6
041 0 |a slo 
044 |a SK 
245 1 0 |a Príde do platnosti od 1.1. 2014 kontrolný výkaz k dani z pridanej hodnoty?  |c Zuzana Neupauerová 
520 |a Prijatím uznesenia vlády č. 235 dňa 31. mája 2012 na základe Akčného plánu boja proti daňovým podvodom na roky 2012 až 2016 vyplynula Ministerstvu financií Slovenskej republiky povinnosť zaviesť nové opatrenie v boji proti daňovým podvodom, tzv. kontrolný výkaz. 
610 2 0 |a dane z hodnoty pridanej 
610 2 0 |a únik daňový 
610 2 0 |a podvody 
610 2 0 |a kontrola daňová 
610 2 0 |a faktúry 
610 2 0 |a povinnosť daňová 
610 2 0 |a správa daňová 
100 1 |a Neupauerová, Zuzana